La macchina del diritto. Il realismo giuridico in Svezia
Guardat en:
| Autor principal: | |
|---|---|
| Format: | Llibre |
| Idioma: | italià |
| Publicat: |
Milán
Edizione di Comunitá
1974
|
| Col·lecció: | Diritto e cultura moderna, 14
|
| Matèries: | |
| Etiquetes: |
Afegir etiqueta
Sense etiquetes, Sigues el primer a etiquetar aquest registre!
|
MARC
| LEADER | 00000nam a2200000 a 4500 | ||
|---|---|---|---|
| 001 | UCS8804 | ||
| 003 | CL-VaPUC | ||
| 008 | 971107e19740000IT |||||||||||||||||ita|d | ||
| 082 | 0 | 4 | |a 340.1 |b CAS |2 21 |
| 100 | 0 | |a Castignone, Silvana |e author |9 393633 | |
| 245 | 1 | 3 | |a La macchina del diritto. Il realismo giuridico in Svezia |
| 300 | |a 210 p | ||
| 942 | |c BK | ||
| 945 | |d 19971107 00:00:00 |a aolguin | ||
| 260 | |a Milán |b Edizione di Comunitá |c 1974 | ||
| 600 | 0 | 7 | |a ESCUELA DE UPPSALA |2 CL-VaPUC |9 393634 |
| 650 | 0 | |a Filosofía del derecho |9 255050 | |
| 650 | 0 | |a Realismo |9 259117 | |
| 650 | 0 | |a Metafísica |9 265649 | |
| 651 | 0 | |a Suecia |9 268974 | |
| 583 | |a last modification |c 19971107 00:00:00 |k Rodrigo Vera | ||
| 490 | 0 | |a Diritto e cultura moderna, 14 | |
| 999 | |c 263012 |d 263010 | ||
| 952 | |0 0 |1 0 |4 0 |6 340_100000000000000_CAS_1974 |7 0 |8 DER_TF |9 292091 |a BIBDER |b BIBDER |d 2019-11-19 |i 1897314 |l 1 |o 340.1 CAS 1974 |p 1897314 |r 2023-01-25 |s 2020-03-18 |w 2019-11-19 |x Ubicación 4to Piso |y BK |z Estos recursos deben solicitarse con anticipación |k DER | ||